Guess the Airline by its Logo- Star Alliance Members - Statistics

General Stats
  • This quiz has been taken 62 times
  • The average score is 18 of 25
Answer Stats
Picture Answer % Correct
Air Canada
98%
EVA Air
98%
Swiss
94%
United
85%
Thai Airways
83%
Turkish Airlines
81%
Air China
79%
Air New Zealand
77%
Singapore Airlines
77%
TAP Air Portugal
77%
EgyptAir
71%
Air India
69%
Asiana Airlines
69%
Copa Airlines
69%
Croatia Airlines
69%
Ethiopian Airlines
69%
Brussels Airlines
67%
Lufthansa
67%
South African Airways
67%
All Nippon Airways
63%
Avianca
63%
Aegean
60%
Austrian Airlines
60%
LOT Polish Airlines
54%
Shenzhen Airlines
50%
No matching quizzes found
Score Distribution
Percent of People with Each Score
Percentile by Number Answered
Your Score History
You have not taken this quiz